Formula 1: Most Points Per Decade 2020- - Statistics

General Stats
  • This quiz has been taken 1,761 times
    246 since last reset
  • The average score is 20 of 20
Answer Stats
Points Driver Nationality Teams % Correct
1,069.5 Carlos Sainz Spain McLaren, Ferrari, Williams
100%
1,369 Charles Leclerc Monaco Ferrari
100%
494 Fernando Alonso Spain Alpine, Aston Martin
100%
1,033 George Russell United Kingdom Williams, Mercedes
100%
1,381 Lando Norris United Kingdom McLaren
100%
1,587.5 Lewis Hamilton United Kingdom Mercedes, Ferrari
100%
2,496.5 Max Verstappen Netherlands Red Bull
100%
799 Oscar Piastri Australia McLaren
100%
1,057 Sergio Pérez Mexico Racing Point, Red Bull
100%
508 Valtteri Bottas Finland Mercedes, Alfa Romeo, Sauber
100%
101 Nico Hülkenberg Germany Racing Point, Haas, Sauber
99%
221 Alexander Albon Thailand Red Bull, Williams
98%
289 Daniel Ricciardo Australia Renault, McLaren, AlphaTauri, Racing Bulls
98%
347 Esteban Ocon France Renault, Alpine, Haas
98%
150 Kimi Antonelli Italy Mercedes
98%
334 Pierre Gasly France AlphaTauri, Alpine
98%
124 Yuki Tsunoda Japan AlphaTauri, Racing Bulls, Red Bull
98%
258 Lance Stroll Canada Racing Point, Aston Martin
97%
113 Sebastian Vettel Germany Ferrari, Aston Martin
97%
51 Isack Hadjar France Racing Bulls
95%
No matching quizzes found
Score Distribution
Percent of People with Each Score
Percentile by Number Answered
Your Score History
You have not taken this quiz since the last reset